Normal view
MARC view
- CABLING-FIBER OPTIC; FIBER OPTIC SYSTEMS
Entry Topical Term
001 - CONTROL NUMBER
- control field: 62256
003 - CONTROL NUMBER IDENTIFIER
- control field: NUST
005 - DATE AND TIME OF LATEST TRANSACTION
- control field: 20210628202916.0
008 - FIXED-LENGTH DATA ELEMENTS
- fixed length control field: 210628|| aca||aabn | a|a d
040 ## - CATALOGING SOURCE
- Original cataloging agency: NUST
- Transcribing agency: NUST
150 ## - HEADING--TOPICAL TERM
- Topical term or geographic name entry element: CABLING-FIBER OPTIC; FIBER OPTIC SYSTEMS
670 ## - SOURCE DATA FOUND
- Source citation: Work cat.: (NUST): Elliott, Barry Gilmore, Mike 62255, Fiber optic cabling, 2002
